FC Barcelona Players To Win The Balloon d'Or - Statistics

General Stats
  • This quiz has been taken 224 times
    180 since last reset
  • The average score is 4 of 6
Answer Stats
Year Player % Correct
2009, 2010, 2011, 2012, 2015, 2019 Lionel Messi
99%
2005 Ronaldinho
88%
1999 Rivaldo
78%
1960 Luis Suarez
60%
1994 Hristo Stoichkov
56%
1973, 1974 Johan Cruijff
20%
No matching quizzes found
Score Distribution
Percent of People with Each Score
Percentile by Number Answered
Your Score History
You have not taken this quiz since the last reset